The tracker (Record no. 82827)
[ view plain ]
| 000 -LEADER | |
|---|---|
| fixed length control field | 00921cab a22002055a 4500 |
| 001 - CONTROL NUMBER | |
| control field | L151601 |
| 008 - FIXED-LENGTH DATA ELEMENTS--GENERAL INFORMATION | |
| fixed length control field | 101122e20101119xxkd f s 000 0 eng d |
| 035 ## - SYSTEM CONTROL NUMBER | |
| System control number | (Sirsi) u151601 |
| 041 0# - LANGUAGE CODE | |
| Language code of text/sound track or separate title | eng |
| 110 2# - MAIN ENTRY--CORPORATE NAME | |
| Corporate name or jurisdiction name as entry element | Experian Business Strategies |
| 9 (RLIN) | 4789 |
| 245 04 - TITLE STATEMENT | |
| Title | The tracker |
| Remainder of title | pause for breath |
| 260 ## - PUBLICATION, DISTRIBUTION, ETC. | |
| Date of publication, distribution, etc. | 2010 |
| 490 ## - SERIES STATEMENT | |
| Series statement | Building |
| Volume/sequential designation | 275 (8655) 19 November 2010, 58-59(2) |
| 520 ## - SUMMARY, ETC. | |
| Summary, etc. | September saw a brief halt in the downward trend of construction activity, but continued small declines are expected between now and Christmas; the state of play; leading construction activity indicator for residential, non-residential and civil engineering; work in hand for residential, non-residential and civil engineering; a regional perspective across the UK. |
| 590 ## - LOCAL NOTE (RLIN) | |
| Local note | KA |
| 650 24 - SUBJECT ADDED ENTRY--TOPICAL TERM | |
| Topical term or geographic name entry element | EXPERIAN CONSTRUCTION INDUSTRY FOCUS |
| 651 #4 - SUBJECT ADDED ENTRY--GEOGRAPHIC NAME | |
| Geographic name | United Kingdom |
| Chronological subdivision | |
| 690 ## - LOCAL SUBJECT ADDED ENTRY--TOPICAL TERM (OCLC, RLIN) | |
| Topical term or geographic name as entry element | BUILT ENVIRONMENT-CONSTRUCTION MARKET |
| 942 ## - ADDED ENTRY ELEMENTS (KOHA) | |
| Suppress in OPAC | 0 |
| Withdrawn status | Lost status | Source of classification or shelving scheme | Damaged status | Not for loan | Home library | Current library | Shelving location | Date acquired | Total Checkouts | Full call number | Barcode | Date last seen | Copy number | Price effective from | Koha item type |
|---|---|---|---|---|---|---|---|---|---|---|---|---|---|---|---|
| Dewey Decimal Classification | London | London | Journal article | 22/11/2010 | L151601 | 151601-1001 | 06/08/2019 | 1 | 06/08/2019 | Journal article |